Historia de España - E - Estadísticas

Estadísticas generales
  • Esta prueba ha sido intentada 81 veces
    80 desde el último reinicio
  • La puntuación promedio es 7 de 19
Estadísticas de respuestas
Pista Respuesta % Correcto
Nombre del idioma del pueblo vasco Euskara / Euskera
91%
Grupo Terrorista / Paramilitar fundado a mediados del siglo XX que cometió numerosos atentados y asesinatos en Francia y España para la independencia de el pueblo vasco Euskadi Ta Askatasuna / ETA
84%
Fue una de las batallas más sangrientas de la Guerra Civil Española. En su mayoría se desarrollo a las orillas de uno de los ríos más importantes de España. Batalla del Ebro
77%
Líder de la expedición que logro completar la primera vuelta al mundo Juan Sebastián Elcano
72%
Fue ordenado por Felipe II como palacio y monasterio El Escorial
70%
Movimiento demográfico nacional del siglo XX, por el cual, la población rural abandono sus hogares para marcharse a las ciudades Éxodo Rural
47%
Hecho ocurrido en 1492 que supuso la perdida de parte de la población de la península debido a su religión Expulsión de los Judios
45%
General y político liberal que lucho durante las guerras carlistas y fue regente de España Baldomero Espartero
44%
Ciudad fundada por el emperador Augusto para los veteranos del ejercito romano Emerita Augusta
34%
Nombre de pila del General del ejército sublevado en la Guerra Civil Española. Junto a Franco, uno de los cerebros del golpe de Estado de 1936. Se le conoció con el sobrenombre de "El Director" Emilio Mola
34%
Rey de Castilla y hermano por parte de padre de Isabel la Católica. Popularmente era conocido como "El Impotente" Enrique IV
33%
Escritora, novelista, ensayista y critica española del siglo XIX, figura destacada de la literatura española de esa época y una de las primeras defensoras del movimiento feminista Emilia Pardo Bazán
23%
Hecho ocurrido en 1609 que supuso una fuerte recesión económica debido a la perdida de una importante suma de población Expulsión de los Moriscos
23%
Poeta romántico del siglo XIX que escribió obras como "El estudiante de Salamanca" José de Espronceda
23%
Ordenanza promulgada por Napoleón en 1808 por la cual el control del estado pasaba de manos de los Borbones a un régimen bajo el dominio francés Estatuto de Bayona
9%
Guerrillero del siglo XIX que hizo frente a la invasión napoleónica Francisco Espoz y Mina
8%
Proceso de descentralización llevado acabo tras la muerte de Franco por el cual se establecen diferentes gobiernos regionales Establecimiento de las Autonomías
2%
Periodo histórico de la historia castellano - portuguesa comprendido entre los siglos XV y XVI también conocido como "Era de los Descubrimientos" en el cual ambos estados se lanzaron a la búsqueda de nuevos lugares Era de las Exploraciones
0%
Tras el final de la guerra en 1939 muchas personas se vieron obligadas a llevarlo a cabo Exilio Republicano
0%
No se encontraron pruebas coincidentes
Distribución de puntuación
Porcentaje de gente con cada puntuación
Porcentaje por número respondido
Historial de tus puntuaciones
No has intentado esta prueba desde el último reinicio